000 00749cam a22002411 4500
001 2172394
003 OSt
005 20231214130015.0
008 711007s1968 nyuac b 000 0 eng
010 _a 67031211
020 _a9789354244919
040 _aDLC
_cDLC
_dDLC
050 0 0 _aQC6
_b.R388
082 0 0 _a530.11
_bRES/I
100 _aResnick, Robert
_d1923-
_94461
245 1 0 _aIntroduction to special relativity./
_cRobert Resnick
260 _aNew York,
_bWiley
_c[1968]
300 _ax, 226 p.
_billus., ports.
_c23 cm.
504 _aIncludes bibliographies.
650 0 _aSpecial relativity (Physics)
906 _a7
_bcbc
_corignew
_du
_eocip
_f19
_gy-gencatlg
942 _2ddc
_cBK
_h530.11
_iRES/I
_k530.11
_mRES/I
999 _c44217
_d44217